Belgian Super Cup Winners - Statistics

General Stats
  • This quiz has been taken 5 times
  • The average score is 43 of 45
Answer Stats
Year Winner % Correct
2025 Club Brugge KV
100%
2022 Club Brugge KV
100%
2021 Club Brugge KV
100%
2018 Club Brugge KV
100%
2016 Club Brugge KV
100%
2005 Club Brugge KV
100%
2004 Club Brugge KV
100%
2003 Club Brugge KV
100%
2002 Club Brugge KV
100%
1998 Club Brugge KV
100%
1996 Club Brugge KV
100%
1994 Club Brugge KV
100%
1992 Club Brugge KV
100%
1991 Club Brugge KV
100%
1990 Club Brugge KV
100%
1988 Club Brugge KV
100%
1986 Club Brugge KV
100%
1980 Club Brugge KV
100%
2015 KAA Gent
100%
2019 KRC Genk
100%
2011 KRC Genk
100%
2023 R. Antwerp FC
100%
2017 R.S.C. Anderlecht
100%
2014 R.S.C. Anderlecht
100%
2013 R.S.C. Anderlecht
100%
2012 R.S.C. Anderlecht
100%
2010 R.S.C. Anderlecht
100%
2007 R.S.C. Anderlecht
100%
2006 R.S.C. Anderlecht
100%
2001 R.S.C. Anderlecht
100%
2000 R.S.C. Anderlecht
100%
1995 R.S.C. Anderlecht
100%
1993 R.S.C. Anderlecht
100%
1987 R.S.C. Anderlecht
100%
1985 R.S.C. Anderlecht
100%
2024 Union SG
100%
1999 K. Lierse SK
80%
1997 K. Lierse SK
80%
1982 KSV Waregem
80%
2009 Standard Liège
80%
2008 Standard Liège
80%
1983 Standard Liège
80%
1981 Standard Liège
80%
1984 K.S.K. Beveren
60%
1979 K.S.K. Beveren
60%
No matching quizzes found
Score Distribution
Percent of People with Each Score
Percentile by Number Answered
Your Score History
You have not taken this quiz